[Event "Kishinev ULIM Cup"]
[Site "Kishinev"]
[Date "2001.10.15"]
[Round "9"]
[White "Soloviov, Alexandr"]
[Black "Radovanovic, Dusan"]
[Result "0-1"]
[WhiteElo "2183"]
[BlackElo "2351"]
[PlyCount "104"]
[EventDate "2001.10.07"]
[EventType "swiss"]
[EventRounds "9"]
[EventCountry "MDA"]
[SourceTitle "EXT 2002"]
[Source "ChessBase"]
[SourceDate "2001.11.25"]
[SourceVersion "1"]
[SourceVersionDate "2001.11.25"]
[SourceQuality "1"]

1. c4 Nf6 2. g3 g6 3. Bg2 Bg7 4. Nc3 0-0 5. d4 d6 6. Nf3 Nbd7 7. 0-0 e5 8. e3 c6 9. dxe5 dxe5 10. b3 Qe7 11. Bb2 Re8 12. Qe2 e4 13. Nd4 Nc5 14. Ba3 Qe5 15. h3 Ne6 16. Rad1 Ng5 17. Kh2 h5 18. Qc2 h4 19. Nde2 Nf3+ 20. Kh1 hxg3 21. Nxg3 Nh4 22. Ncxe4 Nxg2 23. Nxf6+ Bxf6 24. Kxg2 Kg7 25. Bd6 Qe6 26. Rh1 a5 27. h4 c5 28. h5 b6 29. e4 Bb7 30. f3 a4 31. hxg6 fxg6 32. Qd2 Rh8 33. Rxh8 Rxh8 34. Rh1 Rxh1 35. Nxh1 Bd4 36. Qf4 Qe8 37. Nf2 axb3 38. axb3 Bc8 39. Ng4 Bxg4 40. fxg4 Qa8 41. Be5+ Kg8 42. Kf3 Qa1 43. Bxd4 cxd4 44. Qb8+ Kg7 45. Qc7+ Kh6 46. e5 Qc3+ 47. Ke4 Qe3+ 48. Kd5 d3 49. e6 d2 50. Qh2+ Kg5 51. Qh1 Qc5+ 52. Ke4 Qc6+ 0-1